Statistiques concernant Les 25 plus grandes Aires Urbaines du Monde (2019)

Cliquez ici pour prendre le quiz!

Statistiques générales

  • Ce quiz a été pris 95 fois
  • Le résultat moyen est 21 sur 25

Statistiques - réponses

RangPaysAire Urbaine% Correct
1.JaponTokyo
100%
9.ÉgypteLe Caire
99%
8.États-UnisNew York
99%
4.Corée du SudSéoul
98%
2.IndonésieJakarta
97%
16.États-UnisLos Angeles
97%
13.MexiqueMexico
96%
22.ArgentineBuenos Aires
93%
11.ChinePékin
93%
6.ChineShanghai
93%
3.IndeDelhi
92%
5.IndeBombay
91%
24.TurquieIstanbul
91%
23.RussieMoscou
91%
12.BrésilSão Paulo
90%
15.ThaïlandeBangkok
89%
7.PhilippinesManille
85%
21.IranTéhéran
85%
14.JaponKeihanshin (Osaka/Kyoto/Kobe)
84%
10.NigériaLagos
81%
17.BangladeshDacca
75%
18.IndeCalcutta
72%
19.PakistanKarachi
69%
25.IndeHyderabad
26%
20.ChineChongqing
20%

Distribution des résultats

Percentile par nombre de réponses

% des personnes avec chaque résultat

Votre développement - résultats

Vous n’avez pas pris ce quiz